[Event "Mittelfranken Mitte-ch 9899"]
[Site "Zirndorf"]
[Date "1999.??.??"]
[Round "4"]
[White "Arold, Patrick"]
[Black "Doermann, Alexander"]
[Result "1-0"]
[WhiteElo "1600"]
[BlackElo "1915"]
[PlyCount "65"]
[EventDate "1999.01.23"]
[EventType "swiss"]
[EventRounds "7"]
[EventCountry "GER"]
[SourceTitle "EXT 2015"]
[Source "ChessBase"]
[SourceDate "2014.11.20"]
[SourceVersion "1"]
[SourceVersionDate "2014.11.20"]
[SourceQuality "1"]

1. e4 e6 2. d4 d5 3. exd5 exd5 4. Bd3 Bd6 5. Nf3 Nf6 6. 0-0 0-0 7. Bg5 c6 8. c3 h6 9. Bh4 Nbd7 10. Nbd2 Re8 11. Qc2 Nf8 12. Rfe1 Rxe1+ 13. Rxe1 Be6 14. Ne5 a5 15. f4 a4 16. Ndf3 a3 17. b3 Qc7 18. f5 Bd7 19. Bxf6 gxf6 20. Ng4 Kg7 21. Qf2 h5 22. Nxf6 Kxf6 23. Qh4+ Kg7 24. f6+ Kg8 25. Qg5+ Ng6 26. Qh6 Bf8 27. Qxh5 Qf4 28. Bxg6 fxg6 29. Qxg6+ Kh8 30. Ng5 Qxg5 31. Qxg5 b5 32. Qg6 Ra7 33. Re5 1-0